| 000 | 00446pam a2200157a 44500 | ||
|---|---|---|---|
| 008 | 230515b1986 xxu||||| |||| 00| 0 eng d | ||
| 020 | _aNULL | ||
| 041 | _aENGLISH | ||
| 082 | _a630 | ||
| 100 | _aIS:2720-1986 | ||
| 245 | _aMETHODS OF TEST FOR SOILS PART-14 DETERMINATION DENSITY INDEX OF COHESION LESS SOILS PART-15 DETERMINATION OF CONSOLIDATION PROPERTIES | ||
| 250 | _a0 | ||
| 260 |
_aDELHI _bISI _c1986 |
||
| 300 | _a24 | ||
| 650 | _aNULL | ||
| 999 |
_c652617 _d652617 |
||